000 00769nas a2200241 4500
001 BR0300561
003 BR-BrBNA
005 20231205103541.0
007 ta
008 230509b bl.|||p| |||| 00| 00por d
040 _aBR-BrBNA
_bpor
_cBiblioteca Nacional de Agricultura
041 _a(Pt)
072 _aE70
100 1 _aGameiro, A.H.
100 1 _aGameiro, M.B.P.
245 1 _aRelação entre preço e consumo das borrachas natural e sintética no mundo, período 1981 a 2000
650 _aBORRACHA
650 _aPREÇO
650 _aCONSUMO
773 0 _tInformações Econômicas - Instituto de Economia Agrícola (Brazil)
_xISSN 0100-4409
_g(Nov 2002), v. 32(11) p. 9-15
_wBR0300561
909 _a202311
_bLúcia
_c55
_dLúcia Elande
942 _2AGRIS
_n0
_cANA
999 _c173470
_d173470